000 02094cam a22004214i 4500
003 PE-LiUPU
005 20250731183430.0
008 150706s r 000 0 d
035 _a(Sirsi) a50278
040 _aPE-LiUPU
_bspa
_cPE-LiUPU
_erda
049 _aPRUA
082 0 4 _a720.986105
_bE78
_221
245 0 1 _aVivienda multifamiliar /
_cSociedad Bolivariana de Arquitectos.
264 1 _aBogotá :
_bSociedad Bolivariana de Arquitectos,
_c[1987].
300 _apag. varia :
_bilustraciones ;
_c34 cm.
336 _atext
_2rdacontent
337 _aunmediated
_2rdamedia
338 _avolume
_2rdacarrier
490 0 _aPaquetes temáticos ;
_v16
500 _aISSN: 0120-6702
500 _aLa Revista Escala publica monografías títuladas como : "Paquetes temáticos" cubre temas especificos, recopilados de los artículos publicados en la misma revista.
504 _aIncluye bibliografía.
505 0 _aGeneralidades -- Antecedentes -- Tour guiado por el urbanismo desechable -- Licencias para destruir? -- Criterios básicos de diseño -- Proyectos -- Proyectos en latinoamérica -- Colombia -- Argentina -- Brasil -- Chile -- Ecuador -- Puerto Rico -- Proyectos del mundo -- Alemania -- Austria -- España -- Estados Unidos -- Francia -- Italia -- Artículos complementarios -- Diálogos con escala -- Acerca de la arquitectura doméstica -- Iluminación -- Lenguajes del constructivismo.
526 _aP158
526 _aP146
526 _aP17
526 _aP12
526 _aP06
650 0 4 _aArquitectura colombiana
_vPublicaciones seriadas.
650 0 4 _aArquitectura
_xDiseños y planos
_vPublicaciones seriadas.
650 0 4 _aArte colombiano
_xSiglo XX
_vPublicaciones seriadas.
650 0 4 _aIngeniería
_zColombia
_vPublicaciones seriadas.
910 _agl
942 _2ddc
_cBOOK
949 _a720.986105 E78 16
_wDEWEY
_c1
_i63807
_lCCODEBUL1
_mBUL
_p59.00
_r0
_sY
_tLIBRO
_u2015-07-06
_xINGENIERIA
_o.STAFF. Colección General
999 _c52698
_d52698
980 _81
_gALBERTO SANCHEZ Responsable de Automatización